000 01228nam a2200337 i 4500
001 000011498
003 DO-SdBNP
005 20250806115443.0
007 ta
008 091019s1988 dr r 001 f spa d
040 _aDO-SdBNP
_bspa
_cBNPHU
_erda
041 _aspa
082 4 _aRD863.4
_bC422c 1988
_222
100 1 _aCestero, Tulio M.,
_d1877-1955
_eautor
_q(Tulio Manuel),
_4aut.
_91698
245 1 0 _aCiudad romántica ;
_bSangre solar /
_cTulio M. Cestero.
264 4 _aSanto Domingo, República Dominicana :
_bEditora Universitaria-UASD,
_c®1988.
300 _a131 páginas ;
_c18 cm.
336 _atexto
_btxt
_2rdacontent
337 _asin mediación
_bn
_2rdamedia
338 _avolumen
_bnc
_2rdacarrier
490 1 _aPublicaciones de la Universidad Autónoma de Santo Domingo
_v264
490 1 _aArte y sociedad
_v8
563 _aDos obras encuadernadas juntas con paginación contínua
590 _aInventariado, 2019/BT
650 4 _aNovela dominicana
_9223
650 4 _aLiteratura dominicana.
_967
740 0 2 _aSangre solar
830 0 _aPublicaciones de la Universidad Autónoma de Santo Domingo
_n264
_pArte y Sociedad
_n8
_927226
910 _aValidado. Control de calidad MMOLINA
942 _2ddc
_cLBS1
999 _c11199
_d11199